Szczegóły MARC21

Ekonomiczne i techniczne aspekty funkcjonowania i rozwoju regionalnego

005 -DATA I CZAS OSTATNIEJ MODYFIKACJI [,]
    • @
    • pole kontrolne
    • 20070924130439.0
020 -Międzynarod. znormalizowany nr książki - ISBN [ , ]
    • a
    • Numer ISBN
    • 8389142074 Find
040 -Instytucja sporządzająca opis [ , ]
    • a
    • Instytucja, która sporządziła opis (NP)
    • SZCZ U/IJ
    • c
    • Instytucja, która sporządziła rekord (NP)
    • SZCZ U/IJ
    • d
    • Instytucja, która zmodyfikowała rekord (P)
    • SZCZ U/JŚ
041 -Język dokumentu [0, ]
    • a
    • Język tekstu (P)
    • polski
    • b
    • Język streszczeń lub abstraktu (P)
    • polski
    • b
    • Język streszczeń lub abstraktu (P)
    • angielski
044 -Kraj miejsca wydania [ , ]
    • a
    • Kraj miejsca wydania
    • Polska
942 -Rodzaj dokumentu [ , ]
    • c
    • Rodzaj dokumentu
    • Książka
245 -Strefa tytułu i oznaczenia odpowiedzialności [0,0]
    • a
    • Tytuł
    • Ekonomiczne i techniczne aspekty funkcjonowania i rozwoju regionalnego Find
    • c
    • Pozostałe elementy strefy tytułu i oznaczenia odpowiedzialności (NP)
    • [aut. Zbigniew Augustyniak i in.].
260 -Strefa adresu wydawniczego [ , ]
    • a
    • Miejsce wydania (P)
    • Szczecin ;
    • a
    • Miejsce wydania (P)
    • Wałcz :
    • b
    • Nazwa wydawcy (P)
    • Fundacja na rzecz Uniwersytetu Szczecińskiego,
    • c
    • Data wydania (P)
    • 2003. -
300 -Strefa opisu fizycznego [ , ]
    • a
    • Określenie formy książki i/lub objętość (NP)
    • 251 s. :
    • b
    • Oznaczenie ilustracji (NP)
    • il. ;
    • c
    • Format (NP)
    • 23 cm.
500 -Uwaga ogólna [ , ]
    • a
    • Uwaga ogólna (NP)
    • Bibliogr. Streszcz. Summ.
080 -Uniwersalna Klasyfikacja Dziesiętna [ , ]
    • 2
    • Identyfikator wydania tablic
    • UDC-P058
    • a
    • Symbol klasyfikacji
    • 347.4
    • b
    • Dopowiedzenie
    • Prawo o zobowiązanich. Umowy.
    • x
    • Poddział wspólny
    • (438)
    • b
    • Dopowiedzenie
    • (Polska ).
080 -Uniwersalna Klasyfikacja Dziesiętna [ , ]
    • 2
    • Identyfikator wydania tablic
    • UDC-P058
    • a
    • Symbol klasyfikacji
    • 347.5
    • b
    • Dopowiedzenie
    • Odpowiedzialność pozaumowna. Odpowiedzialność cywilna ogólnie. Odpowiedzialność za spowodowanie szkody. Odpowiedzialność za cudze czyny (dzieci, pracowników, itp.), odpowiedzialność za szkody wyrządzone przez obiekty nieożywione (drogi, budynki, drzewa itp.), odpowiedzialność za szkody wyrządzone przez środki transportu.
    • x
    • Poddział wspólny
    • (438)
    • b
    • Dopowiedzenie
    • (Polska).
080 -Uniwersalna Klasyfikacja Dziesiętna [ , ]
    • 2
    • Identyfikator wydania tablic
    • UDC-P022
    • a
    • Symbol klasyfikacji
    • 379.85
    • b
    • Dopowiedzenie
    • Turystyka. Podróże dla przyjemności.
    • x
    • Poddział wspólny
    • (438)
    • b
    • Dopowiedzenie
    • (Polska).
980 -Symbol UKD [ , ]
    • a
    • UKD
    • 347.4/.5:379.85](438)
700 -Hasło dodatkowe - nazwa osobowa [1, ]
    • a
    • Nazwa osobowa (NP)
    • Augustyniak, Zbigniew Find
    • c
    • Dopowiedzenie inne niż daty biograficzne (NP)
    • Aut.
920 -ISBN [ , ]
    • a
    • ISBN
    • 83-89142-07-4 Find
Status udost. Numer inwentarzowy Sygnatura Lokalizacja Data inwentaryzacji
-2T.9630T.9630T2007-09-05